1831 1596 1748 1190 1754 1454 1292 1130 1250 1860 1492 1167 1757 1690 1599 1247 1511 1925 1621 1536 1893 1622 1547 1020 1635 1419 1737 1448 1008 1580 1551 1037 1670 1321 1077 1665 1846 1153 1038 1189 1054 1801 1194 1284 1386 1810 1692 1999 1809 1651 1176 1855 1602 1415 1183 1314 1213 1029 1363 1610 1178 1687 1266 1230 1004 1961 1196 1203 1825 1438 1223 1245 1868 1845 1587 1981 1875 1634 1351 1216 1746 1537 1994 1741 1359 1825 1933 1018 1343 1030 1318 1695 1677 1334 1194 1385 1728 1883 1663 BCNSPRNW ULIB Ver.6.0+V

เปลี่ยนเป็นภาษาไทย

Change to English
 แสดงรายละเอียดบรรณานุกรม
  กลับหน้าหลัก

Brief Record : Get Marc (ISO 2709) : E-mail record : QR code < ปิดหน้าต่าง
LEADER : 00000nam 2200000uu 4500
001    13399110785
003     ULIB
008    110609s2552||||th 000 0 tha d
020    9789744140937
041 1  tha^heng
050  4 BJ1533.F8^bฮ162ศ 2552
100 1  ฮอร์ชอร์, โรเจอร์
245 10 ศิลปะการผูกมิตรพิชิตใจคน =^bThe art of friendship /^cRogerHorchow & Sally Horchow ; ผู้แปล, ทวีรัตน์ จิรดิลก ; ผู้เรียบเรียง, ธนิกานต์ มาฆะศิรานนท์
246 31 Art of friendship
260    กรุงเทพฯ :^bดีไลท์พับลิชชิ่ง,^c2552
300    147 หน้า ;^c21 ซม.
650  7 มิตรภาพ
700 1  ฮอร์ชอร์, แซลลี่
700 0  ทวีรัตน์ จิรดิลก,^eผู้แปล
700 0  ธนิกานต์ มาฆะศิรานนท์
700 12 Horchow, Roger.^tThe art of friendship
700 12 Horchow, Sally.^tThe art of friendship
945    ^p150^l0^i18264
995    กัณชพร
999    ^aใช้งานได้ทุกระบบ
รายการนี้ยังไม่มีแท็ก
คุณยังไม่ได้ล็อกอิน คุณสามารถมีกิจกรรมร่วมกับเว็บไซต์ได้ แต่ต้องล็อกอินก่อน ::
  ล็อกอิน

รายการสื่อสารสนเทศ

ลำดับที่ ประเภท เลขเรียก/บาร์โค้ด สถานที่ สถานะ
- ไม่พบข้อมูล -

รายการใกล้เคียง
    ผู้แต่ง [ฮอร์ชอร์, โรเจอร์]

    หัวเรื่อง [มิตรภาพ]

BibComment


ยังไม่เคยถูกคอมเมนท์

คอมเมนท์ทรัพยากรรายการนี้
  คอมเมนท์: ศิลปะการผูกมิตรพิ..


 Copyright 2026. Bcnsprnw @Library